=LDR 00000nam 2200000 4500 =001 INLIS000000000050468 =005 20170505083706 =035 ##$$a 0010-0517000121 =007 ta =008 170505###########################0###### =020 ##$$a 978-602-9212-52-5 =082 ##$$a 612.65 =084 ##$$a 612.65 GRO =245 ##$$a Growing Up : $b Usia Satu Tahun =260 ##$$a Solo :$b Tiga Serangkai,$c 2012 =300 ##$$a xii, 228 hlm. : $b Ilus ; $c 19 cm. =650 ##$$a TumbuhKembang Anak =990 ##$$a 78777877 =990 ##$$a 78777877 =990 ##$$a 31700995 =990 ##$$a 02201707877 =990 ##$$a 31700996 =990 ##$$a 31700995